Statistiques concernant Femmes célèbres - Quiz d'images

Cliquez ici pour prendre le quiz!

Statistiques générales

  • Ce quiz a été pris 388 fois
  • Le résultat moyen est 9 sur 15

Statistiques - réponses

Réponse% Correct
Marie Curie
98%
Jeanne d'Arc
96%
Angela Merkel
92%
Diana Spencer
90%
Vanessa Paradis
75%
Carla Bruni-Sarkozy
73%
Marion Cotillard
72%
Rosa Parks
71%
Oprah Winfrey
58%
Christine Lagarde
50%
Malala Yousafzai
40%
Marie-Thérèse d'Autriche
16%
Jane Goodall
15%
Shirley Temple
15%
Florence Nightingale
11%

Distribution des résultats

Percentile par nombre de réponses

% des personnes avec chaque résultat

Votre développement - résultats

Vous n’avez pas pris ce quiz